[Event "AUTO-INT-3949"]
[Site "http://www.queenalice.com/game.php?id=1864887"]
[Date "2025.10.29"]
[Round "1"]
[White "jenyasm"]
[Black "Anusha"]
[Result "0-1"]
[WhiteElo "1622"]
[BlackElo "1924"]

1. e4 c5 2. Nf3 Nc6 3. d4 cxd4 4. Nxd4 Nf6 5. f3 a6 6. Nb3 e6 7. Bd2 Be7 8. Nc3
O-O 9. Qe2 d6 10. O-O-O b5 11. a3 Bb7 12. h4 Nh5 13. Qf2 Rc8 14. g4 Nf6 15. h5
e5 16. Nd5 Nxd5 17. exd5 Nb8 18. Be3 Nd7 19. Na5 Qxa5 20. Kb1 h6 21. Bd2 Qc7 22.
Bc3 Bg5 23. Qe2 Nf6 24. Bd2 Qxc2+ 25. Ka1 Bxd2 26. Qxd2 Qxd2 27. Rxd2 Rc1+ 28.
Ka2 Bxd5+ 29. b3 Bxf3 30. Rg1 Bxg4 31. Rdg2 Rfc8 32. Bd3 Rxg1 33. Rxg1 Bxh5 0-1

[Event "AUTO-INT-3949"]
[Site "http://www.queenalice.com/game.php?id=1864888"]
[Date "2025.10.29"]
[Round "1"]
[White "Anusha"]
[Black "jenyasm"]
[Result "1-0"]
[WhiteElo "1889"]
[BlackElo "1606"]

1. c4 e5 2. g3 d6 3. Bg2 Nc6 4. Nc3 Nf6 5. d3 Bd7 6. Nf3 a6 7. O-O h6 8. a3 Be7
9. Rb1 O-O 10. b4 Rb8 11. a4 Na7 12. b5 axb5 13. axb5 b6 14. Ra1 Ra8 15. Bb2 Be6
16. Ra2 Bg4 17. Qa1 Qb8 18. Nd2 c6 19. bxc6 Nxc6 20. Bxc6 Ra5 21. Rxa5 bxa5 22.
Bg2 Qb6 23. Nf3 Bxf3 24. Bxf3 Rb8 25. Bc1 Bd8 26. Be3 Qa6 27. Nd5 Nxd5 28. Bxd5
a4 29. c5 dxc5 30. Qxe5 a3 31. Qxb8 1-0

[Event "AUTO-ADV-4901"]
[Site "http://www.queenalice.com/game.php?id=1864911"]
[Date "2025.10.29"]
[Round "1"]
[White "pomar"]
[Black "Anusha"]
[Result "1-0"]
[WhiteElo "1920"]
[BlackElo "1941"]

1. f3 d5 2. Kf2 Nf6 3. e3 c6 4. d4 g6 5. c4 e6 6. Nc3 Bg7 7. Qb3 O-O 8. cxd5
exd5 9. Bd3 Nbd7 10. Nge2 Re8 11. Nf4 Nf8 12. Re1 Ne6 13. Nxe6 Rxe6 14. e4 dxe4
15. Bxe4 Qd6 16. d5 cxd5 17. Nxd5 Nxd5 18. Bxd5 Re7 19. Bg5 Bd4+ 20. Kf1 Bf6 21.
Rxe7 Qxe7 22. Re1 Qd6 23. Bxf7+ Kg7 24. Bxf6+ Qxf6 25. Bd5 Bf5 26. Qxb7+ 1-0

[Event "AUTO-ADV-4901"]
[Site "http://www.queenalice.com/game.php?id=1864912"]
[Date "2025.10.29"]
[Round "1"]
[White "Anusha"]
[Black "pomar"]
[Result "0-1"]
[WhiteElo "1934"]
[BlackElo "1893"]

1. c4 e6 2. Nc3 c5 3. g3 d5 4. Bg2 dxc4 5. Qa4+ Nd7 6. Qxc4 a6 7. d3 b5 8. Qe4
Rb8 9. Nf3 Ngf6 10. Qe3 Be7 11. O-O O-O 12. b3 Ng4 13. Qf4 Ngf6 14. Bb2 Bb7 15.
Rad1 Qb6 16. Nd2 Bxg2 17. Kxg2 Bd6 18. Qe3 Qc6+ 19. Kg1 Nd5 20. Nxd5 Qxd5 21.
Ne4 f5 22. Ng5 Rbe8 23. Nh3 Nf6 24. Qg5 f4 25. Qh4 fxg3 26. hxg3 Nd7 27. Ng5 h6
28. Ne4 Be7 29. Qg4 Nf6 0-1

[Event "AUTO-ADV-4901"]
[Site "http://www.queenalice.com/game.php?id=1864924"]
[Date "2025.10.29"]
[Round "1"]
[White "Anusha"]
[Black "matamuff"]
[Result "0-1"]
[WhiteElo "1916"]
[BlackElo "1863"]

1. c4 g6 2. g3 Bg7 3. Bg2 c5 4. Nc3 a6 5. d3 e6 6. Nf3 Nc6 7. O-O Nge7 8. a3 O-O
9. Rb1 Rb8 10. Ne4 d6 11. b4 b6 12. Bg5 h6 13. Bf6 Qc7 14. Qd2 e5 15. Rfc1 Bg4
16. Bxg7 Kxg7 17. h3 Bxf3 18. Bxf3 f5 19. Nc3 Nd4 20. Bg2 f4 21. Ne4 f3 22. exf3
Nef5 23. f4 exf4 24. Kh2 fxg3+ 25. fxg3 a5 26. bxa5 bxa5 27. a4 Nb3 28. Qc3+
Nbd4 29. Rxb8 Rxb8 30. Re1 Rb3 31. Qd2 Ra3 32. Qd1 Qb8 33. Kh1 Ra2 34. Nc3 Rc2
35. Nd5 Nxg3+ 36. Kg1 Qb2 37. Re7+ Kf8 0-1

[Event "AUTO-ADV-4901"]
[Site "http://www.queenalice.com/game.php?id=1864931"]
[Date "2025.10.29"]
[Round "1"]
[White "Anusha"]
[Black "Capixabba789"]
[Result "1-0"]
[WhiteElo "1915"]
[BlackElo "1852"]

1. c4 c5 2. g3 e5 3. Bg2 Nc6 4. Nc3 d6 5. d3 Be6 6. Nf3 f5 7. e3 Nf6 8. O-O Be7
9. a3 O-O 10. Rb1 Bf7 11. b4 cxb4 12. axb4 Qc8 13. Ng5 a6 14. Nxf7 Rxf7 15. Nd5
Qd8 16. Nxf6+ Rxf6 17. b5 axb5 18. Rxb5 Qc8 19. Qb3 Rf8 20. c5+ Kh8 21. cxd6
Bxd6 22. Bd2 Ra3 23. Qb2 Rxd3 24. Rb1 Nb8 25. Rxb7 h6 26. Bb4 Bxb4 27. Qxb4 Rdd8
28. Qe7 Rg8 29. Qxe5 Rde8 30. Qa1 Nd7 31. Rd1 Ne5 32. Qa7 Ng4 33. Qa6 Re6 34.
Qa5 Rf6 35. h3 Nxf2 36. Kxf2 Qc2+ 37. Rd2 Qc1 38. Rd4 Qc2+ 39. Qd2 Qc8 40. Kg1
Rg6 41. Kh2 Rf6 42. Rdd7 Rc6 43. Bxc6 Qxc6 44. Rbc7 1-0

[Event "AUTO-ADV-4901"]
[Site "http://www.queenalice.com/game.php?id=1864932"]
[Date "2025.10.29"]
[Round "1"]
[White "Capixabba789"]
[Black "Anusha"]
[Result "0-1"]
[WhiteElo "1860"]
[BlackElo "1930"]

1. d4 Nf6 2. c4 d6 3. Nc3 Nbd7 4. f4 g6 5. Nf3 Bg7 6. e3 O-O 7. Bd3 e6 8. O-O a6
9. e4 b6 10. Be3 Bb7 11. Ne2 Nxe4 12. Rc1 c5 13. b3 Ndf6 14. dxc5 dxc5 15. Ne5
Qe7 16. Qe1 Rad8 17. Bb1 Rd6 18. Ng3 Nxg3 19. Qxg3 Rfd8 20. a4 a5 21. Bc2 Ba8
22. Rfd1 Rxd1+ 23. Rxd1 Rxd1+ 24. Bxd1 Qd8 25. Qe1 Qd6 26. Bf3 Bxf3 27. gxf3 Ne8
28. Qd2 Bf8 29. Qc3 Bg7 30. Kg2 Nf6 31. Qc2 Nh5 32. Qd2 Bxe5 33. fxe5 Qxe5 34.
Qd8+ Kg7 35. Qd3 Qc7 36. Qc3+ Kg8 37. Qd3 Qb8 38. Qd7 Ng7 39. Bg5 Nf5 40. Qd3
Qe5 41. Bd2 Nd4 42. Bc3 Qg5+ 43. Kf2 Qh4+ 44. Kg2 Qg5+ 45. Kf2 Qf4 46. Kg2 h5
47. Bxd4 Qxd4 48. Qxd4 cxd4 49. Kf2 Kf8 50. Ke2 Ke7 51. h4 Kd6 52. Kd3 e5 0-1

[Event "AUTO-INT-3940"]
[Site "http://www.queenalice.com/game.php?id=1865255"]
[Date "2025.11.6"]
[Round "2"]
[White "zmanomega"]
[Black "Anusha"]
[Result "0-1"]
[WhiteElo "1632"]
[BlackElo "1883"]

1. e4 c5 2. Bc4 Nc6 3. Qf3 Nf6 4. Nc3 d6 5. d3 e6 6. Bg5 Be7 7. O-O-O a6 8. Nh3
O-O 9. Ne2 b5 10. Bb3 Bb7 11. Ng3 Nd4 12. Qe3 Nxb3+ 13. cxb3 Rc8 14. a4 bxa4 15.
bxa4 Qa5 16. Ne2 Qxa4 17. Nc3 Qb3 18. f3 Bc6 19. Nf4 Rb8 20. Qd2 a5 21. Kb1 a4
22. Nxa4 Qxa4 23. d4 Ra8 24. Kc1 Rfb8 25. Nd3 Qa1+ 26. Kc2 Ba4+ 27. Kc3 Rb3+ 0-1

[Event "AUTO-INT-3940"]
[Site "http://www.queenalice.com/game.php?id=1865259"]
[Date "2025.11.6"]
[Round "2"]
[White "Rocio"]
[Black "Anusha"]
[Result "0-1"]
[WhiteElo "1499"]
[BlackElo "1900"]

1. e4 c5 2. Nc3 Nc6 3. Bc4 d6 4. Nf3 Nf6 5. h3 e6 6. Nb5 Nxe4 7. d3 Nf6 8. Bg5
Be7 9. Qe2 O-O 10. Nh4 a6 11. Nc3 b5 12. Bb3 Bb7 13. Qf3 Qc7 14. a3 Nd4 15. Qd1
Nxb3 16. Rb1 Nd4 17. O-O Rac8 18. Qd2 Nd5 19. Ne4 Bxg5 20. Qd1 Bxh4 21. Qg4 f5
22. Nf6+ Bxf6 23. Qg3 Ne2+ 24. Kh2 Nxg3 25. Kxg3 Be5+ 26. Kf3 Nc3+ 27. Ke3 Nxb1
28. Rxb1 Bxg2 29. Kd2 c4 30. Rg1 Bxh3 31. Kc1 cxd3 32. Kd2 Qxc2+ 33. Ke3 Qe2#
0-1

[Event "AUTO-INT-3940"]
[Site "http://www.queenalice.com/game.php?id=1865260"]
[Date "2025.11.6"]
[Round "2"]
[White "Anusha"]
[Black "Rocio"]
[Result "1-0"]
[WhiteElo "1888"]
[BlackElo "1488"]

1. c4 e5 2. Nc3 Bb4 3. Nd5 Bd6 4. g3 c6 5. Nc3 Nf6 6. d3 Bc5 7. Bg2 h6 8. Nf3
Ng4 9. e3 d6 10. O-O h5 11. Rb1 Qf6 12. Ne4 Qg6 13. Nxc5 dxc5 14. h3 Nf6 15.
Nxe5 Qf5 16. Nf3 Nbd7 17. Re1 Kf8 18. b3 h4 19. Nxh4 Qe5 20. d4 cxd4 21. exd4
Qd6 22. Bf4 Qb4 23. Nf5 g6 24. Bd6+ Qxd6 25. Nxd6 Kg7 26. d5 cxd5 27. Re7 Nc5
28. Rxf7+ Kg8 29. Rxf6 Nd7 30. Rxg6+ Kf8 31. Qe2 Nf6 32. Rxf6+ Kg7 33. Qe7+ Kg8
34. Qf7# 1-0

[Event "AUTO-INT-3940"]
[Site "http://www.queenalice.com/game.php?id=1865263"]
[Date "2025.11.6"]
[Round "2"]
[White "Anusha"]
[Black "bdpq"]
[Result "1-0"]
[WhiteElo "1894"]
[BlackElo "1652"]

1. c4 d5 2. cxd5 Qxd5 3. Nc3 Qd8 4. d4 Nc6 5. Nf3 Bg4 6. e3 Nxd4 7. Qxd4 Bxf3 8.
Qxd8+ Rxd8 9. gxf3 Rd6 10. Ne4 Rd5 11. Bc4 Rh5 12. Bd2 e6 13. a3 Be7 14. Bc3 Nf6
15. Nxf6+ Bxf6 16. Bxf6 gxf6 17. Ke2 a6 18. Bd3 b5 19. Be4 Rg8 20. f4 f5 21.
Bc6+ Ke7 22. b4 Rd8 23. Rad1 Rb8 24. Rd7+ Kf6 25. Rxc7 Rg8 26. Bb7 Rh4 27. Bxa6
Rhg4 28. Bxb5 Rg1 29. Rxg1 Rxg1 30. Be8 Rg7 31. b5 Kg6 32. b6 Kf6 33. b7 1-0

[Event "AUTO-INT-3940"]
[Site "http://www.queenalice.com/game.php?id=1865264"]
[Date "2025.11.6"]
[Round "2"]
[White "bdpq"]
[Black "Anusha"]
[Result "0-1"]
[WhiteElo "1626"]
[BlackElo "1859"]

1. e4 c5 2. d4 cxd4 3. Qxd4 Nc6 4. Qd1 Nf6 5. Bg5 e5 6. Bb5 Be7 7. Bxc6 bxc6 8.
Nf3 Nxe4 9. Nxe5 Bxg5 10. O-O O-O 11. Re1 Nf6 12. Nf3 Bf4 13. Nc3 d5 14. g3 Bc7
15. Nd4 Qd7 16. Re2 Qh3 17. Qf1 Qh5 18. Nxc6 Bh3 19. Qe1 Qf3 0-1

[Event "AUTO-ADV-4908"]
[Site "http://www.queenalice.com/game.php?id=1866897"]
[Date "2025.12.11"]
[Round "1"]
[White "maurice916"]
[Black "Anusha"]
[Result "1-0"]
[WhiteElo "2013"]
[BlackElo "1928"]

1. Nf3 Nf6 2. b3 d5 3. Bb2 Bf5 4. e3 a6 5. c4 e6 6. Be2 c6 7. O-O h6 8. d4 Nbd7
9. Nc3 Be7 10. Ne5 O-O 11. f4 Ne4 12. Bd3 Ndf6 13. Qc2 c5 14. cxd5 exd5 15. Ne2
Rc8 16. Qd1 cxd4 17. exd4 1-0

[Event "AUTO-ADV-4910"]
[Site "http://www.queenalice.com/game.php?id=1867386"]
[Date "2025.12.27"]
[Round "1"]
[White "Anusha"]
[Black "game"]
[Result "1-0"]
[WhiteElo "1943"]
[BlackElo "1664"]

1. c4 c5 2. Nc3 e5 3. d3 Nf6 4. g3 Nc6 5. Bg2 Nd4 6. Bg5 Be7 7. Nf3 Qb6 8. Rb1
Qe6 9. a3 Qg4 10. Be3 d6 11. O-O Nh5 12. Nd5 Qe6 13. Nc7+ 1-0

[Event "AUTO-ADV-4910"]
[Site "http://www.queenalice.com/game.php?id=1867388"]
[Date "2025.12.27"]
[Round "1"]
[White "Anusha"]
[Black "Castling"]
[Result "1-0"]
[WhiteElo "1925"]
[BlackElo "1783"]

1. c4 e5 2. g3 Nc6 3. Bg2 Nf6 4. Nc3 a6 5. d3 Bb4 6. Bd2 d6 7. Nf3 h6 8. O-O Bd7
9. Rb1 Nd4 10. e3 Nxf3+ 11. Bxf3 Bc6 12. Bxc6+ bxc6 13. Ne2 c5 14. Bc1 a5 15. a3
O-O 16. axb4 cxb4 17. b3 c5 18. d4 Ra7 19. Bb2 e4 20. dxc5 dxc5 21. Qxd8 Rxd8
22. Rfd1 Rad7 23. Rxd7 Rxd7 24. Bxf6 g6 25. Nf4 Rd6 26. Be7 Rc6 27. Nd5 f5 28.
Ra1 Re6 29. Bxc5 1-0

[Event "AUTO-ADV-4911"]
[Site "http://www.queenalice.com/game.php?id=1867606"]
[Date "2026.1.7"]
[Round "1"]
[White "Anusha"]
[Black "dosoldini"]
[Result "1-0"]
[WhiteElo "1907"]
[BlackElo "1672"]

1. c4 d6 2. g3 c5 3. Bg2 Nf6 4. Nc3 Bd7 5. d3 Qa5 6. Bd2 Qb6 7. Rb1 Bc6 8. Nf3
h6 9. O-O a6 10. a3 Qc7 11. b4 e6 12. b5 Bd7 13. bxa6 Rxa6 14. Qc1 d5 15. cxd5
c4 16. dxe6 Bxa3 17. exd7+ Nbxd7 18. Qc2 h5 19. Nb5 Qc6 20. Ne5 Nxe5 21. Bxc6+
1-0

[Event "AUTO-INT-3946"]
[Site "http://www.queenalice.com/game.php?id=1868382"]
[Date "2026.1.24"]
[Round "2"]
[White "Anusha"]
[Black "juim"]
[Result "1-0"]
[WhiteElo "1914"]
[BlackElo "1582"]

1. c4 d5 2. cxd5 Qxd5 3. Nc3 Qc6 4. Nf3 Bg4 5. Ne5 Qe6 6. Nxg4 Qxg4 7. Qb3 b6 8.
g3 Nc6 9. Bg2 O-O-O 10. Bxc6 Nh6 11. Qb5 g6 12. Qa6+ 1-0